000
00253nam a2200109Ia 4500
008
190216s9999||||xx |||||||||||||| ||und||
100
_a
Vinod Chandra Paguy
245
0
_a
Hindi-Guru Dakshina
260
_b
Ramanarayaralal
650
_a
Hindi
942
_c
BK
999
_c
15472
_d
15472